[Event "Asian Cities-chT"]
[Site "Khanty-Mansiysk"]
[Date "2024.04.29"]
[Round "9.3"]
[White "Shrestha, Govinda Man"]
[Black "Yeoh, Yuan Hui"]
[Result "0-1"]
[WhiteElo "1738"]
[BlackElo "1894"]
[PlyCount "88"]
[EventDate "2024.04.21"]
[EventType "team-swiss"]
[EventRounds "9"]
[EventCountry "RUS"]
[SourceTitle "CB18_2024"]
[SourceDate "2024.05.01"]
[SourceVersion "1"]
[SourceVersionDate "2024.05.01"]
[SourceQuality "2"]
[WhiteTeam "Kathmandu"]
[BlackTeam "Penang"]
[WhiteTeamCountry "NEP"]
[BlackTeamCountry "MAS"]

1. e4 c6 2. f4 d5 3. e5 Bf5 4. d4 e6 5. Nf3 c5 6. Bd3 Nh6 7. c3 Nc6 8. 0-0 Qb6 9. Kh1 Rc8 10. b3 cxd4 11. Nxd4 Nxd4 12. Be3 Bxd3 13. Qxd3 Qb5 14. Qxb5+ Nxb5 15. a4 Nf5 16. Bd2 Nc7 17. g4 Ne7 18. Na3 h5 19. g5 a6 20. Nc2 Nf5 21. b4 Be7 22. Ne3 Nxe3 23. Bxe3 g6 24. Bd4 0-0 25. Rf2 Ne8 26. Rc2 Ng7 27. Rac1 Rc4 28. Be3 Nf5 29. Bd2 Rfc8 30. Rb2 d4 31. Rb3 dxc3 32. Rbxc3 Rxc3 33. Rxc3 Rxc3 34. Bxc3 Ne3 35. Bd2 Nd5 36. b5 axb5 37. axb5 Nc7 38. Kg2 Nxb5 39. Kf3 Bc5 40. Ke4 Nc7 41. h3 Nd5 42. Bc1 b5 43. Kd3 Kf8 44. Ke4 Ke7 0-1

[Event "Asian Cities-chT"]
[Site "Khanty-Mansiysk"]
[Date "2024.04.26"]
[Round "6.3"]
[White "Pridorozhni, Aleksei"]
[Black "Yeoh, Yuan Hui"]
[Result "1-0"]
[WhiteElo "2509"]
[BlackElo "1894"]
[PlyCount "95"]
[EventDate "2024.04.21"]
[EventType "team-swiss"]
[EventRounds "9"]
[EventCountry "RUS"]
[SourceTitle "CB18_2024"]
[SourceDate "2024.05.01"]
[SourceVersion "1"]
[SourceVersionDate "2024.05.01"]
[SourceQuality "2"]
[WhiteTeam "Surgut"]
[BlackTeam "Penang"]
[WhiteTeamCountry "RUS"]
[BlackTeamCountry "MAS"]

1. e4 e5 2. Nf3 Nc6 3. Bb5 a6 4. Ba4 Nf6 5. 0-0 Be7 6. Re1 b5 7. Bb3 0-0 8. d4 d6 9. c3 Bg4 10. Be3 exd4 11. cxd4 Na5 12. Bc2 c5 13. d5 Nc4 14. Bc1 Nd7 15. h3 Bxf3 16. Qxf3 Bf6 17. Nc3 Re8 18. a4 b4 19. Nd1 Na3 20. Qe2 Nxc2 21. Qxc2 Nb6 22. Ne3 a5 23. Rb1 Rc8 24. Nf5 Qd7 25. Bf4 Be5 26. Bxe5 Rxe5 27. f4 Rxf5 28. exf5 Nxd5 29. Rbd1 Nf6 30. g4 Qc6 31. g5 Nh5 32. Qg2 Qd7 33. Qg4 g6 34. fxg6 Qxg4+ 35. hxg4 Nxf4 36. gxf7+ Kf8 37. Rxd6 Nh3+ 38. Kg2 Nxg5 39. Re8+ Rxe8 40. fxe8Q+ Kxe8 41. Rc6 c4 42. Rxc4 Ne6 43. Rc8+ Kf7 44. Ra8 Nf4+ 45. Kg3 Nd3 46. b3 Nc5 47. Rxa5 Nxb3 48. Rb5 1-0

[Event "Penang op-A 14th"]
[Site "Penang"]
[Date "2022.12.23"]
[Round "8"]
[White "Yeoh, Yuan Hui"]
[Black "Bancod, Ronald"]
[Result "1-0"]
[WhiteElo "1864"]
[BlackElo "2227"]
[PlyCount "85"]
[EventDate "2022.12.19"]
[EventType "swiss"]
[EventRounds "9"]
[EventCountry "MAS"]
[SourceTitle "CBM 211 Extra"]
[Source "ChessBase"]
[SourceDate "2023.01.31"]
[SourceVersion "1"]
[SourceVersionDate "2023.01.31"]
[SourceQuality "1"]

1. d4 Nf6 2. Nc3 c5 3. d5 g6 4. e4 d6 5. Nf3 Bg7 6. Be2 0-0 7. 0-0 Na6 8. h3 Nc7 9. a4 b6 10. Bf4 Bb7 11. Nd2 e6 12. Nc4 exd5 13. exd5 Ncxd5 14. Nxd5 Bxd5 15. Nxd6 Qd7 16. Ra3 Rfd8 17. Qc1 a6 18. Rd1 Bf8 19. Be5 Qe6 20. Bxf6 Rxd6 21. Rxd5 Qxd5 22. Bf3 Qc4 23. Bxa8 Rxf6 24. a5 b5 25. Qd2 Bd6 26. Bd5 Qh4 27. Rf3 Be5 28. Bxf7+ Rxf7 29. Rxf7 Kxf7 30. Qd5+ Kg7 31. Qxe5+ Qf6 32. Qxf6+ Kxf6 33. f3 Ke5 34. Kf2 Kd4 35. Ke2 g5 36. g3 h5 37. h4 gxh4 38. gxh4 c4 39. c3+ Ke5 40. Ke3 Kf5 41. f4 Kg4 42. Ke4 Kxh4 43. f5 1-0

[Event "Wch FIDE Online U16 Asia qual"]
[Site "Tornelo INT"]
[Date "2020.12.11"]
[Round "1"]
[White "Yeoh, Yuan Hui"]
[Black "Rohit, Krishna S"]
[Result "0-1"]
[WhiteElo "1728"]
[BlackElo "2304"]
[PlyCount "78"]
[EventDate "2020.12.11"]
[EventType "swiss (rapid)"]
[EventRounds "7"]
[EventCountry "ISS"]
[SourceTitle "EXT 2022"]
[Source "ChessBase"]
[SourceDate "2021.10.06"]
[SourceVersion "1"]
[SourceVersionDate "2021.10.06"]
[SourceQuality "1"]

1. d4 d5 2. Nc3 Nf6 3. Bg5 Nbd7 4. Qd3 c5 5. 0-0-0 c4 6. Qg3 Qa5 7. e4 b5 8. Kb1 dxe4 9. Bxf6 gxf6 10. Nxe4 Bb7 11. Nc5 Nxc5 12. dxc5 Rc8 13. Nf3 Qc7 14. Qh3 e6 15. Nd4 Qxc5 16. Be2 Bg7 17. Nxe6 fxe6 18. Qxe6+ Qe7 19. Bh5+ Kf8 20. Qxe7+ Kxe7 21. Rhe1+ Kf8 22. Rd7 Bc6 23. Rxa7 f5 24. Ree7 Bd4 25. Rf7+ Kg8 26. Rxf5 Bxa7 27. Rg5+ Kf8 28. Rf5+ Kg7 29. Rf7+ Kh6 30. g4 Rhf8 31. Rxa7 Rxf2 32. a3 Rxh2 33. Rf7 Be4 34. Rf6+ Kg5 35. Rb6 Rh1+ 36. Ka2 Rc5 37. Rb8 Bxc2 38. Rg8+ Kh4 39. Rg7 Bb3# 0-1

[Event "Asia Cup U14"]
[Site "Shenzhen"]
[Date "2019.12.25"]
[Round "8.1"]
[White "Hou, Yifan B"]
[Black "Yeoh, Yuan Hui"]
[Result "1/2-1/2"]
[WhiteElo "2124"]
[BlackElo "1738"]
[PlyCount "77"]
[EventDate "2019.12.19"]
[EventType "team-tourn"]
[EventRounds "9"]
[EventCountry "CHN"]
[SourceTitle "CBM 194 Extra"]
[Source "ChessBase"]
[SourceDate "2020.03.31"]
[SourceVersion "1"]
[SourceVersionDate "2020.03.31"]
[SourceQuality "1"]
[WhiteTeam "China II"]
[BlackTeam "Malaysia"]
[WhiteTeamCountry "CHN"]
[BlackTeamCountry "MAS"]

1. d4 d5 2. Nf3 Nf6 3. c4 c6 4. e3 g6 5. Bd3 Bg7 6. 0-0 0-0 7. b3 Bg4 8. Bb2 Nbd7 9. Nbd2 e6 10. Qc2 Rc8 11. Ne5 Bf5 12. e4 dxe4 13. Nxe4 Nxe4 14. Bxe4 Bxe4 15. Qxe4 Nxe5 16. dxe5 Qd2 17. Bd4 Rfd8 18. Bxa7 Qa5 19. Bd4 Rxd4 20. Qxd4 Bxe5 21. Qd7 Rd8 22. Qxb7 Bxa1 23. Rxa1 Qxa2 24. Rf1 Rd3 25. Qb8+ Kg7 26. Qe5+ Kg8 27. h4 Qxb3 28. h5 Rd1 29. Qe2 Rxf1+ 30. Qxf1 gxh5 31. Qc1 f6 32. Qf4 f5 33. Qd4 Qb1+ 34. Kh2 Qb8+ 35. g3 Qc7 36. Qf6 Qd7 37. Qg5+ Kf8 38. Qf6+ Kg8 39. Qg5+ 1/2-1/2

[Event "Asia Cup U14"]
[Site "Shenzhen"]
[Date "2019.12.24"]
[Round "7.1"]
[White "Yeoh, Yuan Hui"]
[Black "Wang, Benchi"]
[Result "0-1"]
[WhiteElo "1738"]
[BlackElo "1747"]
[PlyCount "100"]
[EventDate "2019.12.19"]
[EventType "team-tourn"]
[EventRounds "9"]
[EventCountry "CHN"]
[SourceTitle "CBM 194 Extra"]
[Source "ChessBase"]
[SourceDate "2020.03.31"]
[SourceVersion "1"]
[SourceVersionDate "2020.03.31"]
[SourceQuality "1"]
[WhiteTeam "Malaysia"]
[BlackTeam "China IV"]
[WhiteTeamCountry "MAS"]
[BlackTeamCountry "CHN"]

1. d4 Nf6 2. c4 g6 3. Nc3 Bg7 4. e4 d6 5. f3 0-0 6. Be3 Nc6 7. Nge2 a6 8. Qd2 Na5 9. Nc1 Nd7 10. b4 Nc6 11. a3 e5 12. Nb3 exd4 13. Nxd4 a5 14. Rb1 axb4 15. axb4 Nxd4 16. Bxd4 Ne5 17. Be2 Be6 18. Nd5 c6 19. Nb6 Ra6 20. Qe3 Nxf3+ 21. gxf3 Bxd4 22. Qxd4 Qxb6 23. Qxd6 Rd8 24. Qf4 Qd4 25. Qc1 Ra2 26. Rf1 Rxe2+ 27. Kxe2 Bxc4+ 28. Ke1 Bxf1 29. Kxf1 Ra8 30. Qc2 Qe3 31. Kg2 Ra3 32. Rf1 Rd3 33. Rf2 Rc3 34. Qa2 Qg5+ 35. Kf1 Rc1+ 36. Ke2 Qb5+ 37. Kd2 Rc4 38. Qa8+ Kg7 39. Qe8 Qxb4+ 40. Ke3 Qc5+ 41. Kf4 Qxf2 42. Qe5+ f6 43. Qe7+ Kh6 44. Qf8+ Kh5 45. Qxf6 Qd2+ 46. Kg3 Qg5+ 47. Qxg5+ Kxg5 48. f4+ Kf6 49. e5+ Kf5 50. e6 Kxe6 0-1

[Event "Asia Cup U14"]
[Site "Shenzhen"]
[Date "2019.12.23"]
[Round "5.1"]
[White "Yeoh, Yuan Hui"]
[Black "Amilal, Munkhdalai"]
[Result "1/2-1/2"]
[WhiteElo "1738"]
[BlackElo "2126"]
[PlyCount "127"]
[EventDate "2019.12.19"]
[EventType "team-tourn"]
[EventRounds "9"]
[EventCountry "CHN"]
[SourceTitle "CBM 194 Extra"]
[Source "ChessBase"]
[SourceDate "2020.03.31"]
[SourceVersion "1"]
[SourceVersionDate "2020.03.31"]
[SourceQuality "1"]
[WhiteTeam "Malaysia"]
[BlackTeam "Mongolia II"]
[WhiteTeamCountry "MAS"]
[BlackTeamCountry "MGL"]

1. d4 Nf6 2. c4 e6 3. Nf3 b6 4. e3 Bb7 5. Bd3 Be7 6. 0-0 0-0 7. Nc3 d5 8. b3 Nbd7 9. Bb2 Ne4 10. Rc1 f5 11. Ne2 Bd6 12. Bxe4 fxe4 13. Ne5 Nf6 14. Nf4 Qe7 15. Qe2 a5 16. Rfd1 a4 17. Qc2 axb3 18. axb3 c5 19. Ra1 Rfe8 20. Rxa8 Rxa8 21. Ra1 Rxa1+ 22. Bxa1 Nd7 23. Qa2 cxd4 24. exd4 Nxe5 25. dxe5 Bc5 26. cxd5 Qf7 27. Nxe6 Bxd5 28. Nxc5 bxc5 29. Qa5 h6 30. Qxc5 Bxb3 31. Bd4 Be6 32. h3 Kh7 33. Be3 Bc4 34. Qd4 Bd5 35. Qc5 Be6 36. Qd6 Qg6 37. Kh2 Qe8 38. Qd4 Qc6 39. Qd6 Qe8 40. Qb6 Bf5 41. Qc7 Be6 42. Qd6 Qf7 43. Qd4 Bd5 44. Qc5 Be6 45. Qd4 Qf5 46. Qd6 Bc4 47. Qd4 Bf1 48. Kg1 Bd3 49. Qd6 Bc4 50. Qd4 Be2 51. Qd6 Bc4 52. Qd4 Be6 53. Qd6 Bc4 54. Qd4 Be6 55. Qd6 Bc4 56. Qc5 Be6 57. Qd4 Qg6 58. Qd6 Qf7 59. Qd4 Qg6 60. Qd6 Qf7 61. Qd4 Qg6 62. Qd6 Qf7 63. Qd4 Qg6 64. Qd6 1/2-1/2

[Event "Penang op 11th"]
[Site "Penang"]
[Date "2019.12.14"]
[Round "9"]
[White "Loo, Pin Xie"]
[Black "Yeoh, Yuan Hui"]
[Result "1/2-1/2"]
[WhiteElo "1500"]
[BlackElo "1738"]
[PlyCount "65"]
[EventDate "2019.12.09"]
[EventType "swiss"]
[EventRounds "9"]
[EventCountry "MAS"]
[SourceTitle "CBM 193 Extra"]
[Source "ChessBase"]
[SourceDate "2020.01.31"]
[SourceVersion "1"]
[SourceVersionDate "2020.01.31"]
[SourceQuality "1"]

1. e4 c6 2. d4 d5 3. e5 Bf5 4. Bd3 Bxd3 5. Qxd3 e6 6. f4 Ne7 7. Nf3 Qb6 8. Nc3 h5 9. Ne2 Nf5 10. Ng3 g6 11. Nxf5 gxf5 12. b3 c5 13. Be3 Nc6 14. c3 cxd4 15. Nxd4 Bc5 16. Kf2 Rc8 17. Rac1 Bxd4 18. Bxd4 Qa5 19. Rc2 Kd7 20. Rhc1 a6 21. Qe3 Qd8 22. Bb6 Qh4+ 23. Qg3 Qxg3+ 24. Kxg3 Rcg8+ 25. Kf3 Rg6 26. Rd2 Ne7 27. Bc5 Rc8 28. Bxe7 Kxe7 29. Rdc2 Rgg8 30. c4 dxc4 31. Rxc4 Rxc4 32. Rxc4 Kd7 33. b4 1/2-1/2

[Event "Penang op 11th"]
[Site "Penang"]
[Date "2019.12.10"]
[Round "3"]
[White "Sun, Chao"]
[Black "Yeoh, Yuan Hui"]
[Result "1-0"]
[WhiteElo "2106"]
[BlackElo "1738"]
[PlyCount "69"]
[EventDate "2019.12.09"]
[EventType "swiss"]
[EventRounds "9"]
[EventCountry "MAS"]
[SourceTitle "CBM 193 Extra"]
[Source "ChessBase"]
[SourceDate "2020.01.31"]
[SourceVersion "1"]
[SourceVersionDate "2020.01.31"]
[SourceQuality "1"]

1. c4 c6 2. Nf3 Nf6 3. b3 g6 4. Bb2 Bg7 5. g3 0-0 6. Bg2 d5 7. 0-0 Bg4 8. d3 Nbd7 9. Nbd2 Re8 10. h3 Bxf3 11. Nxf3 e5 12. cxd5 cxd5 13. Rc1 Bh6 14. Rc2 Rc8 15. Rxc8 Qxc8 16. e3 b6 17. Qa1 Qb8 18. Rd1 Qd6 19. d4 e4 20. Ne5 Rc8 21. Rc1 Rxc1+ 22. Qxc1 Bf8 23. Bf1 Nb8 24. Qc8 Nfd7 25. Bb5 Qb4 26. Nxd7 Nxd7 27. Qxd7 Qe1+ 28. Bf1 Qd2 29. Qxd5 Qxb2 30. Bc4 Qc1+ 31. Kg2 Kg7 32. Qxf7+ Kh6 33. Qxf8+ Kh5 34. g4+ Kg5 35. Qf4+ 1-0

[Event "Penang op 11th"]
[Site "Penang"]
[Date "2019.12.10"]
[Round "2"]
[White "Yeoh, Yuan Hui"]
[Black "Navaratnam, Ishaan Quan Tze"]
[Result "1-0"]
[WhiteElo "1738"]
[BlackElo "1458"]
[PlyCount "65"]
[EventDate "2019.12.09"]
[EventType "swiss"]
[EventRounds "9"]
[EventCountry "MAS"]
[SourceTitle "CBM 193 Extra"]
[Source "ChessBase"]
[SourceDate "2020.01.31"]
[SourceVersion "1"]
[SourceVersionDate "2020.01.31"]
[SourceQuality "1"]

1. d4 Nf6 2. Nc3 g6 3. e4 d6 4. f4 Bg7 5. Nf3 Nc6 6. Bc4 Bg4 7. Be3 e5 8. dxe5 Bxf3 9. Qxf3 dxe5 10. Rd1 Qe7 11. f5 Na5 12. Be2 0-0 13. 0-0 Rad8 14. Rxd8 Rxd8 15. g4 h6 16. h4 Nh7 17. g5 hxg5 18. Nd5 Rxd5 19. exd5 gxh4 20. fxg6 fxg6 21. Qg4 Nf8 22. b4 e4 23. bxa5 Bf6 24. Bc4 Kg7 25. Qf4 g5 26. Qf5 Qd6 27. Kh1 Nh7 28. Rg1 Qe7 29. Qe6 Qf8 30. Qxe4 Qc8 31. Qe6 Qf8 32. Bd3 Kh8 33. Qf5 1-0

[Event "Penang op 11th"]
[Site "Penang"]
[Date "2019.12.09"]
[Round "1"]
[White "Prasannaa, S."]
[Black "Yeoh, Yuan Hui"]
[Result "1-0"]
[WhiteElo "2213"]
[BlackElo "1738"]
[PlyCount "59"]
[EventDate "2019.12.09"]
[EventType "swiss"]
[EventRounds "9"]
[EventCountry "MAS"]
[SourceTitle "CBM 193 Extra"]
[Source "ChessBase"]
[SourceDate "2020.01.31"]
[SourceVersion "1"]
[SourceVersionDate "2020.01.31"]
[SourceQuality "1"]

1. e4 c6 2. d4 d5 3. e5 Bf5 4. Nf3 e6 5. Be2 Nd7 6. 0-0 Ne7 7. Nbd2 Rc8 8. Nb3 c5 9. Nxc5 Nxc5 10. dxc5 Nc6 11. Be3 Bg4 12. c4 Bxf3 13. Bxf3 Nxe5 14. cxd5 Nxf3+ 15. Qxf3 Qxd5 16. Qxd5 exd5 17. Rfd1 Rd8 18. Rd3 Ke7 19. Re1 f6 20. c6 bxc6 21. Bb6+ Kd7 22. Bxd8 Kxd8 23. Rb3 Kc7 24. Re8 d4 25. Kf1 g6 26. Rbb8 d3 27. Rbc8+ Kb7 28. Rxf8 d2 29. Ke2 d1Q+ 30. Kxd1 1-0

[Event "Eastern Asia-ch U14 4th"]
[Site "Bangkok"]
[Date "2019.08.06"]
[Round "7.1"]
[White "Budhidharma, Nayaka"]
[Black "Yeoh, Yuan Hui"]
[Result "1-0"]
[WhiteElo "1653"]
[BlackElo "1789"]
[PlyCount "89"]
[EventDate "2019.08.02"]
[EventType "swiss"]
[EventRounds "9"]
[EventCountry "THA"]
[SourceTitle "EXT 2024"]
[Source "ChessBase"]
[SourceDate "2023.10.10"]
[SourceVersion "1"]
[SourceVersionDate "2023.10.10"]
[SourceQuality "1"]

1. e4 c6 2. d4 d5 3. e5 Bf5 4. Nf3 e6 5. Be2 Nd7 6. 0-0 Ne7 7. Nh4 Bg6 8. c3 c5 9. Be3 Nc6 10. Nxg6 hxg6 11. a3 Be7 12. h3 0-0 13. b4 b6 14. Nd2 a6 15. Bd3 cxd4 16. cxd4 b5 17. Qe2 Nb6 18. Bc2 Rc8 19. Rac1 Qd7 20. f4 Rfd8 21. g4 Nc4 22. Nxc4 dxc4 23. Rcd1 a5 24. f5 Qe8 25. fxg6 fxg6 26. Be4 axb4 27. Qc2 b3 28. Qb1 Qd7 29. Bxg6 Rf8 30. g5 Rxf1+ 31. Rxf1 Rf8 32. Bh7+ Kh8 33. Qg6 Rxf1+ 34. Kxf1 Bxa3 35. Qh5 b2 36. Be4+ Kg8 37. g6 Ne7 38. Qf3 Nf5 39. Bf2 b4 40. Bxf5 b3 41. Bb1 Bf8 42. Qh5 Bb4 43. Qh7+ Kf8 44. Qh8+ Ke7 45. Bh4# 1-0

[Event "Penang Mini op 2nd"]
[Site "Penang"]
[Date "2019.06.07"]
[Round "6"]
[White "Teh, Rui Gen"]
[Black "Yeoh, Yuan Hui"]
[Result "0-1"]
[WhiteElo "1298"]
[BlackElo "1760"]
[PlyCount "118"]
[EventDate "2019.06.05"]
[EventType "swiss"]
[EventRounds "9"]
[EventCountry "MAS"]
[SourceTitle "CBM 190 Extra"]
[Source "ChessBase"]
[SourceDate "2019.07.15"]
[SourceVersion "1"]
[SourceVersionDate "2019.07.15"]
[SourceQuality "1"]

1. e4 c6 2. d4 d5 3. Nc3 dxe4 4. Nxe4 Bf5 5. Ng3 Bg6 6. Nf3 Nd7 7. Bd3 e6 8. 0-0 Ngf6 9. Re1 Be7 10. c4 0-0 11. Qc2 c5 12. Bxg6 hxg6 13. Bd2 Rc8 14. b3 cxd4 15. Nxd4 Qb6 16. Nf3 Bc5 17. Bc3 Bb4 18. Rad1 Rfd8 19. Bxb4 Qxb4 20. Qd2 Qb6 21. Qd6 Qa5 22. Qd2 Qb6 23. Qd6 Qa5 24. Qd2 Qxd2 25. Rxd2 Nc5 26. Red1 Rxd2 27. Rxd2 Nce4 28. Nxe4 Nxe4 29. Rd7 Nc5 30. Rd2 a5 31. Ne5 Kf8 32. f3 Ke7 33. Kf2 g5 34. Ke3 f6 35. Nd3 Nxd3 36. Rxd3 Rc7 37. g4 g6 38. Rd2 f5 39. Rd3 Kf6 40. Rd2 Ke5 41. Re2 Rh7 42. Kf2+ Kf4 43. Kg2 e5 44. a3 Rd7 45. b4 axb4 46. axb4 e4 47. fxe4 fxe4 48. c5 e3 49. Kf1 Kf3 50. Ke1 Rd4 51. b5 Rb4 52. Kd1 Rxb5 53. Ra2 Rxc5 54. Ra1 Rc4 55. h3 Rd4+ 56. Ke1 Rd2 57. Rb1 Rh2 58. Kd1 Rh1+ 59. Kc2 Rxb1 0-1

[Event "Penang Mini op 2nd"]
[Site "Penang"]
[Date "2019.06.05"]
[Round "2"]
[White "Greenwood, Martin"]
[Black "Yeoh, Yuan Hui"]
[Result "0-1"]
[WhiteElo "1513"]
[BlackElo "1760"]
[PlyCount "54"]
[EventDate "2019.06.05"]
[EventType "swiss"]
[EventRounds "9"]
[EventCountry "MAS"]
[SourceTitle "CBM 190 Extra"]
[Source "ChessBase"]
[SourceDate "2019.07.15"]
[SourceVersion "1"]
[SourceVersionDate "2019.07.15"]
[SourceQuality "1"]

1. e4 c6 2. d4 d5 3. Nc3 dxe4 4. Nxe4 Bf5 5. Ng3 Bg6 6. h4 h6 7. h5 Bh7 8. Nf3 Nd7 9. Bd3 Bxd3 10. Qxd3 e6 11. Bf4 Qa5+ 12. c3 Ngf6 13. b4 Qa4 14. Ne4 Nxe4 15. Qxe4 a5 16. 0-0 axb4 17. cxb4 Bxb4 18. Bd2 Bxd2 19. Nxd2 Nf6 20. Qe5 0-0 21. Ne4 Nxe4 22. Qxe4 Rfd8 23. Rfd1 Rd5 24. Rd2 Rad8 25. Rad1 Rxh5 26. g4 Rhd5 27. f4 c5 0-1

[Event "Penang Mini op 2nd"]
[Site "Penang"]
[Date "2019.06.05"]
[Round "1"]
[White "Yeoh, Yuan Hui"]
[Black "Li, Bo"]
[Result "0-1"]
[WhiteElo "1760"]
[BlackElo "2330"]
[PlyCount "90"]
[EventDate "2019.06.05"]
[EventType "swiss"]
[EventRounds "9"]
[EventCountry "MAS"]
[SourceTitle "CBM 190 Extra"]
[Source "ChessBase"]
[SourceDate "2019.07.15"]
[SourceVersion "1"]
[SourceVersionDate "2019.07.15"]
[SourceQuality "1"]

1. d4 Nf6 2. Nc3 d5 3. Bg5 Bf5 4. f3 c6 5. e3 Nbd7 6. Bd3 Bg6 7. Bxg6 hxg6 8. Qd3 e6 9. 0-0-0 Qa5 10. Kb1 Nb6 11. h4 Nc4 12. Nce2 Qb6 13. Qb3 Be7 14. Nh3 Ng8 15. Nhf4 Qxb3 16. axb3 Nxe3 17. Nxg6 fxg6 18. Bxe3 Rxh4 19. Nf4 Rxh1 20. Rxh1 Kf7 21. Nd3 Bd6 22. Bf4 Bxf4 23. Nxf4 Nf6 24. Nd3 Nd7 25. Kc1 g5 26. Kd2 Re8 27. Ne5+ Nxe5 28. dxe5 Kg6 29. g4 a5 30. Ke3 c5 31. c3 Rc8 32. Ra1 b6 33. b4 d4+ 34. cxd4 cxb4 35. Kd3 Kf7 36. Ra2 Ke7 37. Ra1 Rf8 38. Ke4 Ra8 39. d5 exd5+ 40. Kxd5 Rc8 41. Kd4 Ke6 42. Rb1 a4 43. Ra1 b5 44. Ra2 Rc4+ 45. Kd3 Kxe5 0-1

[Event "Penang op 10th"]
[Site "Penang"]
[Date "2018.12.07"]
[Round "7"]
[White "Yeoh, Seong Jui Michael"]
[Black "Yeoh, Yuan Hui"]
[Result "0-1"]
[WhiteElo "1486"]
[BlackElo "1661"]
[PlyCount "90"]
[EventDate "2018.12.03"]
[EventType "swiss"]
[EventRounds "9"]
[EventCountry "MAS"]
[SourceTitle "CBM 187 Extra"]
[Source "ChessBase"]
[SourceDate "2018.11.04"]
[SourceVersion "1"]
[SourceVersionDate "2018.11.04"]
[SourceQuality "1"]

1. e4 c6 2. d4 d5 3. Nd2 dxe4 4. Nxe4 Bf5 5. Ng3 Bg6 6. h4 h6 7. Nf3 Nd7 8. h5 Bh7 9. Bd3 Bxd3 10. Qxd3 e6 11. Bf4 Ngf6 12. 0-0-0 Be7 13. Kb1 a5 14. Ne4 Nxe4 15. Qxe4 Nf6 16. Qd3 a4 17. Ne5 a3 18. b3 Nd5 19. Bd2 0-0 20. f4 c5 21. dxc5 Bxc5 22. Qb5 Be3 23. c4 Bxf4 24. cxd5 Bxe5 25. Bb4 Bd6 26. dxe6 Qf6 27. exf7+ Rxf7 28. Rd2 Bxb4 29. Qxb4 Qf5+ 30. Rc2 Rc8 31. Qd2 Rxc2 32. Qxc2 Qxc2+ 33. Kxc2 Rf2+ 34. Kb1 Rb2+ 35. Ka1 Rxg2 36. Kb1 b5 37. Rh4 Kf7 38. Rf4+ Ke6 39. Rb4 Rg5 40. Rh4 Kd6 41. b4 Rg2 42. Rd4+ Ke6 43. Rh4 Kf6 44. Rd4 Rh2 45. Rd6+ Ke7 0-1

[Event "Penang Mini op1st"]
[Site "Penang"]
[Date "2018.06.16"]
[Round "6"]
[White "Chua, Jia Tien"]
[Black "Yeoh, Yuan Hui"]
[Result "1-0"]
[WhiteElo "1725"]
[BlackElo "1517"]
[PlyCount "121"]
[EventDate "2018.06.13"]
[EventType "swiss"]
[EventRounds "9"]
[EventCountry "MAS"]
[SourceTitle "CBM 184 Extra"]
[Source "ChessBase"]
[SourceDate "2018.06.28"]
[SourceVersion "1"]
[SourceVersionDate "2018.06.28"]
[SourceQuality "1"]

1. e4 c6 2. d4 d5 3. exd5 cxd5 4. Bd3 Nc6 5. c3 Nf6 6. Bf4 g6 7. Nf3 Bg7 8. h3 0-0 9. 0-0 Bf5 10. Re1 Bxd3 11. Qxd3 e6 12. Nbd2 Rc8 13. Qe3 b5 14. Ne5 Na5 15. b4 Nc4 16. Nexc4 bxc4 17. a4 Qb6 18. Be5 Nd7 19. Bxg7 Kxg7 20. f4 Rfe8 21. g4 Qd6 22. Kg2 Rb8 23. g5 Rec8 24. Nf3 Kg8 25. h4 a6 26. h5 Kg7 27. Rh1 Qc6 28. Ne5 Nxe5 29. Qxe5+ Kf8 30. hxg6 hxg6 31. Rh8+ Ke7 32. Qf6+ Kd6 33. Rxc8 Qxc8 34. Qxf7 Qg8 35. Qa7 Ra8 36. Qb6+ Kd7 37. Re1 Rf8 38. Qb7+ Kd6 39. Qxa6+ Kd7 40. Qb7+ Kd6 41. b5 Rf5 42. Qc6+ Ke7 43. Qc7+ Ke8 44. Qc8+ Kf7 45. Qxe6+ Kg7 46. Qxg8+ Kxg8 47. Kg3 Rf7 48. b6 Rb7 49. a5 Kf7 50. Re5 Kg7 51. Rxd5 Kf7 52. Rd6 Kg7 53. a6 Re7 54. b7 Re3+ 55. Kf2 Rxc3 56. b8Q Rc2+ 57. Ke3 Rc3+ 58. Ke4 Re3+ 59. Kxe3 Kf7 60. Qc7+ Ke8 61. Rd8# 1-0

[Event "Penang Mini op1st"]
[Site "Penang"]
[Date "2018.06.15"]
[Round "4"]
[White "Tan, Hong Ghee"]
[Black "Yeoh, Yuan Hui"]
[Result "1-0"]
[WhiteElo "1872"]
[BlackElo "1517"]
[PlyCount "153"]
[EventDate "2018.06.13"]
[EventType "swiss"]
[EventRounds "9"]
[EventCountry "MAS"]
[SourceTitle "CBM 184 Extra"]
[Source "ChessBase"]
[SourceDate "2018.06.28"]
[SourceVersion "1"]
[SourceVersionDate "2018.06.28"]
[SourceQuality "1"]

1. c4 c6 2. d4 d5 3. Nf3 Nf6 4. Nc3 dxc4 5. a4 Bf5 6. e3 e6 7. Bxc4 Bb4 8. 0-0 0-0 9. Nh4 Bg4 10. Ng6 Bf5 11. Nh4 Bg6 12. Nxg6 hxg6 13. h3 Nbd7 14. Qb3 Qb6 15. Na2 Be7 16. Nc3 Qxb3 17. Bxb3 Rfd8 18. e4 Bb4 19. e5 Nd5 20. Bd2 a5 21. Rfd1 N7b6 22. Rac1 Ne7 23. Bg5 Rd7 24. Ne4 Nf5 25. Be3 Rad8 26. Nc5 Bxc5 27. dxc5 Nxe3 28. fxe3 Rxd1+ 29. Bxd1 Nd7 30. Be2 Nxe5 31. Kf1 Rd2 32. Rb1 Nd7 33. b4 axb4 34. Rxb4 Nxc5 35. Rc4 Nb3 36. Rb4 Nc1 37. Bf3 Rf2+ 38. Kg1 Ra2 39. Rxb7 c5 40. Rc7 Nb3 41. Bc6 Kf8 42. Bb5 Rc2 43. e4 f6 44. Kh2 Nd4 45. Kg3 g5 46. Kh2 Nf3+ 47. Kg3 Nd4 48. Kh2 f5 49. exf5 e5 50. Bd3 Rc3 51. Be4 Re3 52. Bb1 Rc3 53. a5 Rb3 54. Be4 Rc3 55. a6 Nb5 56. Rb7 Ra3 57. Rxb5 Rxa6 58. Rxc5 Ra4 59. Rxe5 Kf7 60. g4 Ra2+ 61. Kg3 Ra3+ 62. Bf3 Rc3 63. Re6 Ra3 64. Rg6 Re3 65. Rxg5 Rc3 66. Rg6 Ra3 67. Kf4 Ra4+ 68. Be4 Ra1 69. h4 Rf1+ 70. Kg5 Rf2 71. Bd5+ Kf8 72. Ra6 Rd2 73. Be6 Rb2 74. Ra8+ Ke7 75. Ra7+ Kf8 76. Rf7+ Ke8 77. Rxg7 1-0

[Event "Penang Mini op1st"]
[Site "Penang"]
[Date "2018.06.14"]
[Round "3"]
[White "Cheah, Eric"]
[Black "Yeoh, Yuan Hui"]
[Result "0-1"]
[WhiteElo "1991"]
[BlackElo "1517"]
[PlyCount "56"]
[EventDate "2018.06.13"]
[EventType "swiss"]
[EventRounds "9"]
[EventCountry "MAS"]
[SourceTitle "CBM 184 Extra"]
[Source "ChessBase"]
[SourceDate "2018.06.28"]
[SourceVersion "1"]
[SourceVersionDate "2018.06.28"]
[SourceQuality "1"]

1. e4 c6 2. Nc3 d5 3. Nf3 Bg4 4. h3 Bxf3 5. Qxf3 e6 6. d4 Nf6 7. e5 Nfd7 8. Be3 c5 9. dxc5 Bxc5 10. Nb5 Be7 11. Qg3 g6 12. 0-0-0 Nc6 13. f4 Qa5 14. Kb1 0-0-0 15. Qf2 a6 16. Nd4 Nxd4 17. Bxd4 Bc5 18. c3 Bxd4 19. Rxd4 Kb8 20. Bd3 Nc5 21. Bc2 Rc8 22. Rhd1 Qb6 23. g4 Nd7 24. Qe2 Rxc3 25. h4 Rhc8 26. Bb3 Qxd4 27. bxc3 Qxf4 28. c4 dxc4 0-1

[Event "Penang op-B 9th"]
[Site "Penang"]
[Date "2017.12.07"]
[Round "6"]
[White "Cahyadi"]
[Black "Yeoh, Yuan Hui"]
[Result "1/2-1/2"]
[WhiteElo "1731"]
[BlackElo "1341"]
[PlyCount "59"]
[EventDate "2017.12.04"]
[EventType "swiss"]
[EventRounds "9"]
[EventCountry "MAS"]
[SourceTitle "CBM 182 Extra"]
[Source "ChessBase"]
[SourceDate "2018.02.23"]
[SourceVersion "1"]
[SourceVersionDate "2018.02.23"]
[SourceQuality "1"]

1. d4 d5 2. Nf3 Nf6 3. Bf4 g6 4. h3 Bg7 5. Nbd2 0-0 6. e3 a6 7. Bd3 c6 8. 0-0 Bf5 9. Bxf5 gxf5 10. c4 e6 11. Ne5 Nbd7 12. Qb3 Qb6 13. Rfc1 Qxb3 14. axb3 Nxe5 15. Bxe5 Ne4 16. Bxg7 Kxg7 17. Nxe4 fxe4 18. Ra5 Rfc8 19. Rca1 Kf6 20. f3 exf3 21. gxf3 Rg8+ 22. Kf2 Rg6 23. Rg1 Rxg1 24. Kxg1 Rg8+ 25. Kf2 Ke7 26. e4 Rd8 27. Ke3 f5 28. Ra1 Rg8 29. Rc1 fxe4 30. fxe4 1/2-1/2